[Event "Gibtelecom Masters 2005"]
[Site "Gibraltar ENG"]
[Date "2005.01.25"]
[Round "1.3"]
[White "Aronian, Levon"]
[Black "Kristjansson, Stefan"]
[Result "1-0"]
[WhiteElo "2684"]
[BlackElo "2438"]
[PlyCount "87"]
[EventDate "2005.01.26"]
[EventType "swiss"]
[EventRounds "10"]
[EventCountry "ENG"]
[Source "lmi"]
[SourceDate "2005.02.03"]

1. d4 Nf6 2. c4 g6 3. Nf3 Bg7 4. g3 d5 5. cxd5 Nxd5 6. Bg2 O-O 7. O-O Nb6 8.
Nc3 Nc6 9. e3 Re8 10. d5 Na5 11. Nd4 Bd7 12. e4 c5 13. Nf3 e6 14. Bg5 Qc8 15.
Rc1 exd5 16. exd5 Bg4 17. b3 Qf5 18. Qc2 Qxc2 19. Rxc2 Bf5 20. Rcc1 c4 21. Nd2
cxb3 22. axb3 Bd3 23. Rfd1 Rac8 24. Nce4 Rxc1 25. Rxc1 Bxe4 26. Nxe4 Nxb3 27.
Rb1 Nd4 28. d6 Ne6 29. Be7 f5 30. Ng5 Nxg5 31. Bxg5 h6 32. Be7 Kf7 33. Bxb7 Bf6
34. Re1 a5 35. Bc6 Rxe7 36. dxe7 Bxe7 37. h4 f4 38. gxf4 Bxh4 39. Re5 a4 40.
Ra5 Bf6 41. Bxa4 Bd4 42. Bc2 Kf6 43. Kg2 h5 44. Rg5 1-0

[Event "Gibtelecom Masters 2005"]
[Site "Gibraltar ENG"]
[Date "2005.01.25"]
[Round "1.4"]
[White "Thorfinnsson, Bragi"]
[Black "Sutovsky, Emil"]
[Result "1/2-1/2"]
[WhiteElo "2435"]
[BlackElo "2669"]
[PlyCount "67"]
[EventDate "2005.01.26"]
[EventType "swiss"]
[EventRounds "10"]
[EventCountry "ENG"]
[Source "lmi"]
[SourceDate "2005.02.03"]

1. d4 Nf6 2. c4 g6 3. Nc3 d5 4. cxd5 Nxd5 5. e4 Nxc3 6. bxc3 Bg7 7. Bc4 c5 8.
Ne2 Nc6 9. Be3 O-O 10. O-O Bd7 11. Rb1 Qc7 12. Bf4 e5 13. Bg3 Rad8 14. Bd5 cxd4
15. cxd4 Qa5 16. dxe5 Nxe5 17. Qb3 b6 18. Rfc1 Rc8 19. Rxc8 Rxc8 20. Bxe5 Bxe5
21. f4 Qc5+ 22. Kf1 Bf6 23. Bxf7+ Kg7 24. Be6 Bxe6 25. Qxe6 Rd8 26. e5 Bh4 27.
g3 Qe3 28. gxh4 Qf3+ 29. Ke1 Rd3 30. Qe7+ Kg8 31. Qe8+ Kg7 32. Qe7+ Kg8 33.
Qe8+ Kg7 34. Qe7+ 1/2-1/2

[Event "Gibtelecom Masters 2005"]
[Site "Gibraltar ENG"]
[Date "2005.01.25"]
[Round "1.6"]
[White "Tissir, Mohamed"]
[Black "Georgiev, Kiril"]
[Result "0-1"]
[WhiteElo "2426"]
[BlackElo "2654"]
[PlyCount "92"]
[EventDate "2005.01.26"]
[EventType "swiss"]
[EventRounds "10"]
[EventCountry "ENG"]
[Source "lmi"]
[SourceDate "2005.02.03"]

1. e4 c5 2. Nc3 Nc6 3. Bb5 Nd4 4. Bc4 e6 5. Nf3 Nf6 6. O-O a6 7. a4 Qc7 8. h3
Be7 9. d3 Nc6 10. Re1 d6 11. Bf4 O-O 12. Bg3 b6 13. e5 dxe5 14. Nxe5 Bd6 15.
Nxc6 Bxg3 16. fxg3 Qxc6 17. g4 Bb7 18. Qe2 Nd5 19. Bxd5 exd5 20. Qf2 d4 21. Ne4
Rae8 22. Re2 Re6 23. b3 h6 24. Rae1 Qc7 25. Ng3 Rfe8 26. Rxe6 Rxe6 27. Rxe6
fxe6 28. Nh5 Qe5 29. Qg3 Qxg3 30. Nxg3 Kf7 31. Kf2 g6 32. Nf1 e5 33. Nd2 Ke6
34. h4 Bd5 35. Nc4 b5 36. axb5 axb5 37. Nd2 Bc6 38. g3 e4 39. dxe4 Ke5 40. g5
h5 41. Kf3 Bd7 42. Ke2 Be6 43. Kd3 Bg4 44. Nf1 c4+ 45. bxc4 bxc4+ 46. Kd2 c3+
0-1

[Event "Gibtelecom Masters 2005"]
[Site "Gibraltar ENG"]
[Date "2005.01.25"]
[Round "1.7"]
[White "Pert, Richard G"]
[Black "Tregubov, Pavel V"]
[Result "1/2-1/2"]
[WhiteElo "2417"]
[BlackElo "2629"]
[PlyCount "60"]
[EventDate "2005.01.26"]
[EventType "swiss"]
[EventRounds "10"]
[EventCountry "ENG"]
[Source "lmi"]
[SourceDate "2005.02.03"]

1. d4 Nf6 2. Bg5 d5 3. Bxf6 exf6 4. e3 Bd6 5. Bd3 O-O 6. Nd2 c6 7. Qf3 Qb6 8.
Rb1 Be6 9. Ne2 Nd7 10. O-O Rad8 11. c4 Bb8 12. c5 Qc7 13. Qg3 Qc8 14. Qh4 f5
15. Nf4 Nf6 16. Nh5 Nxh5 17. Qxh5 g6 18. Qh6 Rde8 19. f4 Re7 20. Qh4 Qe8 21.
Rbe1 Bc7 22. b4 Bd7 23. Qf2 a5 24. a3 Re6 25. Nf3 f6 26. Re2 Qe7 27. Rb1 Re8
28. Rbe1 axb4 29. axb4 Ra8 30. Rb2 Re8 1/2-1/2

[Event "Gibtelecom Masters 2005"]
[Site "Gibraltar ENG"]
[Date "2005.01.25"]
[Round "1.8"]
[White "Avrukh, Boris"]
[Black "Kobese, Watu"]
[Result "1-0"]
[WhiteElo "2629"]
[BlackElo "2419"]
[PlyCount "95"]
[EventDate "2005.01.26"]
[EventType "swiss"]
[EventRounds "10"]
[EventCountry "ENG"]
[Source "lmi"]
[SourceDate "2005.02.03"]

1. d4 d5 2. c4 c6 3. Nc3 Nf6 4. Nf3 dxc4 5. a4 Bf5 6. Ne5 e6 7. f3 Bb4 8. e4
Bxe4 9. fxe4 Nxe4 10. Bd2 Qxd4 11. Nxe4 Qxe4+ 12. Qe2 Bxd2+ 13. Kxd2 Qd5+ 14.
Kc2 O-O 15. Nxc4 b5 16. Ne3 Qc5+ 17. Kb1 Nd7 18. g3 Nb6 19. a5 Na4 20. Nc2 Qd5
21. Bg2 Qb3 22. Rxa4 Qxa4 23. Qd2 Rad8 24. Qb4 Qxb4 25. Nxb4 c5 26. Na6 c4 27.
Kc1 Rd6 28. Nb4 Rfd8 29. Bf3 f5 30. a6 e5 31. Bb7 e4 32. Re1 Rd2 33. Nc6 R8d3
34. Nxa7 c3 35. bxc3 Rxh2 36. Nxb5 Ra2 37. Kb1 Rdd2 38. Nd4 Kf8 39. Re2 Rxe2
40. Nxe2 Ra4 41. Nd4 e3 42. Kc2 g5 43. Nxf5 e2 44. Kd2 Ra2+ 45. Ke1 h5 46. Nd4
h4 47. gxh4 gxh4 48. Nb5 1-0

[Event "Gibtelecom Masters 2005"]
[Site "Gibraltar ENG"]
[Date "2005.01.25"]
[Round "1.9"]
[White "Nakamura, Hikaru"]
[Black "Hennigan, Michael"]
[Result "1-0"]
[WhiteElo "2613"]
[BlackElo "2408"]
[PlyCount "119"]
[EventDate "2005.01.26"]
[EventType "swiss"]
[EventRounds "10"]
[EventCountry "ENG"]
[Source "lmi"]
[SourceDate "2005.02.03"]

1. d4 Nf6 2. c4 g6 3. Nc3 Bg7 4. e4 d6 5. Bd3 O-O 6. Nge2 Na6 7. O-O c6 8. h3
e5 9. d5 Nc5 10. Bc2 a5 11. Be3 cxd5 12. cxd5 Bd7 13. a3 a4 14. Qd2 Qa5 15. Bh6
b5 16. Bxg7 Kxg7 17. f4 h6 18. fxe5 dxe5 19. Rxf6 Kxf6 20. Qxh6 Qb6 21. d6 Bc6
22. Kh2 Ke6 23. Qg5 Rae8 24. Rd1 Kd7 25. Qg4+ Kd8 26. Nd5 Bxd5 27. Rxd5 Re6 28.
Qg5+ Kd7 29. Qh6 Rfe8 30. Qg7 Rxd6 31. Qxf7+ Re7 32. Qxg6 Kc7 33. Qg8 Rxd5 34.
Qxd5 Ne6 35. Nc3 Nf4 36. Qxb5 Qf2 37. Nd5+ Nxd5 38. Qc4+ Kd8 39. Qxd5+ Rd7 40.
Qg8+ Ke7 41. Bxa4 Qf4+ 42. Qg3 Rd2 43. b4 Ra2 44. Bc6 Rxa3 45. Qxf4 exf4 46. b5
Rb3 47. h4 Kf6 48. h5 Rb2 49. Kg1 Kg5 50. e5 Re2 51. b6 Rxe5 52. b7 Re1+ 53.
Kf2 Rb1 54. Bf3 Rb2+ 55. Ke1 Kf5 56. Kd1 Rb6 57. Kc2 Ke5 58. h6 Kf6 59. h7 Kg7
60. Be4 1-0

[Event "Gibtelecom Masters 2005"]
[Site "Gibraltar ENG"]
[Date "2005.01.25"]
[Round "1.10"]
[White "Belezky, Sasha"]
[Black "Sargissian, Gabriel"]
[Result "0-1"]
[WhiteElo "2399"]
[BlackElo "2602"]
[PlyCount "68"]
[EventDate "2005.01.26"]
[EventType "swiss"]
[EventRounds "10"]
[EventCountry "ENG"]
[Source "lmi"]
[SourceDate "2005.02.03"]

1. e4 e5 2. Nf3 Nc6 3. Bb5 a6 4. Bxc6 dxc6 5. O-O f6 6. d4 Bg4 7. dxe5 Qxd1 8.
Rxd1 fxe5 9. Rd3 Bd6 10. Nbd2 b5 11. b3 Ne7 12. h3 Bd7 13. Nf1 Ng6 14. Ng3 c5
15. Be3 O-O-O 16. c4 Nf4 17. Bxf4 exf4 18. Ne2 Rhe8 19. e5 Bxe5 20. Nxe5 Rxe5
21. Nxf4 g5 22. Nd5 Bc6 23. Re3 Rxe3 24. Nxe3 Kb7 25. Rd1 Rxd1+ 26. Nxd1 Kb6
27. cxb5 axb5 28. Nb2 Be4 29. Kf1 Ka5 30. f3 Bb1 31. a4 Kb4 32. Ke2 Kxb3 33. a5
Kxb2 34. Ke3 Bf5 0-1

[Event "Gibtelecom Masters 2005"]
[Site "Gibraltar ENG"]
[Date "2005.01.25"]
[Round "1.11"]
[White "Efimenko, Zahar"]
[Black "Dworakowska, Joanna"]
[Result "1-0"]
[WhiteElo "2601"]
[BlackElo "2395"]
[PlyCount "55"]
[EventDate "2005.01.26"]
[EventType "swiss"]
[EventRounds "10"]
[EventCountry "ENG"]
[Source "lmi"]
[SourceDate "2005.02.03"]

1. e4 c5 2. Nf3 d6 3. d4 cxd4 4. Nxd4 Nf6 5. Nc3 a6 6. Be3 e5 7. Nf3 Be7 8. Bc4
Be6 9. Qe2 b5 10. Bb3 O-O 11. O-O Nc6 12. Rfd1 Qb8 13. Bg5 h6 14. Bxf6 Bxf6 15.
Nd5 Bd8 16. a3 Ra7 17. Rd3 Kh8 18. Rad1 Rd7 19. Ne3 Bb6 20. Nf5 Rfd8 21. Bd5
Bxd5 22. Rxd5 Bc7 23. N3h4 g6 24. Qd2 gxf5 25. Qxh6+ Kg8 26. Nxf5 f6 27. Qg6+
Kf8 28. Qxf6+ 1-0

[Event "Gibtelecom Masters 2005"]
[Site "Gibraltar ENG"]
[Date "2005.01.25"]
[Round "1.12"]
[White "Estremera Panos, Sergio"]
[Black "Rogers, Ian"]
[Result "1/2-1/2"]
[WhiteElo "2384"]
[BlackElo "2594"]
[PlyCount "55"]
[EventDate "2005.01.26"]
[EventType "swiss"]
[EventRounds "10"]
[EventCountry "ENG"]
[Source "lmi"]
[SourceDate "2005.02.03"]

1. d4 g6 2. c4 Bg7 3. Nf3 d6 4. Nc3 c5 5. d5 Bxc3+ 6. bxc3 f5 7. g3 Nf6 8. Bg2
Qa5 9. Qb3 Nbd7 10. O-O Nb6 11. Ng5 Qa4 12. Ne6 Bxe6 13. dxe6 Ne4 14. f3 Nf6
15. e4 Qxc4 16. exf5 gxf5 17. Bh3 Nfd5 18. Bxf5 Nxc3 19. Bb2 Ne2+ 20. Kh1 O-O
21. Bd3 Qxb3 22. axb3 Nd4 23. Bxd4 cxd4 24. Rae1 Rac8 25. Re4 Rc3 26. Rxd4 Rxb3
27. Bxh7+ Kxh7 28. Rh4+ 1/2-1/2

[Event "Gibtelecom Masters 2005"]
[Site "Gibraltar ENG"]
[Date "2005.01.25"]
[Round "1.13"]
[White "Spraggett, Kevin"]
[Black "Mortazavi, Ali"]
[Result "1-0"]
[WhiteElo "2589"]
[BlackElo "2371"]
[PlyCount "103"]
[EventDate "2005.01.26"]
[EventType "swiss"]
[EventRounds "10"]
[EventCountry "ENG"]
[Source "lmi"]
[SourceDate "2005.02.03"]

1. e4 c5 2. Nf3 e6 3. d4 cxd4 4. Nxd4 a6 5. c4 Nf6 6. Nc3 Qc7 7. a3 b6 8. Be3
Bb7 9. f3 Be7 10. Rc1 O-O 11. Be2 d6 12. O-O Nbd7 13. b4 Rac8 14. Kh1 Qb8 15.
Qb3 Kh8 16. a4 Bd8 17. Rc2 Rg8 18. Rb1 g5 19. b5 a5 20. Nc6 Bxc6 21. bxc6 Rxc6
22. Rd2 Nc5 23. Qd1 Be7 24. Nb5 e5 25. Nc3 Nfd7 26. Rdb2 Qf8 27. Nd5 Bd8 28.
Bd2 g4 29. Be3 gxf3 30. Bxf3 Ne6 31. Rc2 Bg5 32. Bg1 Bd8 33. Rc3 Ndc5 34. Ne3
Nd4 35. Nf5 Nxf5 36. exf5 Rc8 37. Bxc5 Rxc5 38. Bd5 Rg5 39. Qc2 Qg7 40. Rh3 Qf6
41. Rf1 Kg7 42. Qe4 Rc8 43. g4 h6 44. Rg3 Kf8 45. h4 Rg8 46. Rh3 Qg7 47. Rg1
Rh8 48. Qd3 f6 49. Be6 Rc6 50. Rg2 Qc7 51. Bd5 Rc5 52. g5 1-0

[Event "Gibtelecom Masters 2005"]
[Site "Gibraltar ENG"]
[Date "2005.01.25"]
[Round "1.14"]
[White "Rendle, Thomas"]
[Black "Kotronias, Vasilios"]
[Result "0-1"]
[WhiteElo "2370"]
[BlackElo "2585"]
[PlyCount "74"]
[EventDate "2005.01.26"]
[EventType "swiss"]
[EventRounds "10"]
[EventCountry "ENG"]
[Source "lmi"]
[SourceDate "2005.02.03"]

1. f4 e5 2. fxe5 d6 3. exd6 Bxd6 4. Nf3 g5 5. g3 g4 6. Nh4 Ne7 7. d4 Nbc6 8. c3
Ng6 9. Nxg6 hxg6 10. Qd3 Bf5 11. e4 Qe7 12. Bg2 O-O-O 13. Be3 Be6 14. Bf2 f5
15. Nd2 Qf7 16. O-O-O Bxa2 17. Qb5 fxe4 18. Bxe4 Rhe8 19. Be3 Rxe4 20. Nxe4 Bc4
21. Qg5 Be2 22. Nxd6+ Rxd6 23. Rhe1 Rd5 24. Rxe2 Rxg5 25. Bxg5 Qf5 26. Bd2 b6
27. Rde1 Na5 28. Re4 Qb5 29. Kc2 Qb3+ 30. Kd3 Qxb2 31. Re7 Qb5+ 32. Kc2 Qb3+
33. Kd3 Qc4+ 34. Kc2 Nc6 35. R7e4 Nb4+ 36. Kd1 Nd5 37. Rxg4 Qd3 0-1

[Event "Gibtelecom Masters 2005"]
[Site "Gibraltar ENG"]
[Date "2005.01.25"]
[Round "1.15"]
[White "Areshchenko, Alexander"]
[Black "Welling, Gerard"]
[Result "1-0"]
[WhiteElo "2570"]
[BlackElo "2369"]
[PlyCount "65"]
[EventDate "2005.01.26"]
[EventType "swiss"]
[EventRounds "10"]
[EventCountry "ENG"]
[Source "lmi"]
[SourceDate "2005.02.03"]

1. e4 d5 2. exd5 Nf6 3. d4 Nxd5 4. Be2 Bf5 5. Nf3 e6 6. O-O Nc6 7. Re1 Be7 8.
a3 O-O 9. h3 Bf6 10. Bf1 Nb6 11. c3 a5 12. Bf4 a4 13. Nbd2 Ra5 14. Nc4 Nxc4 15.
Bxc4 Bg6 16. Qe2 Be7 17. Rad1 Bd6 18. Ne5 Bxe5 19. dxe5 Qe7 20. Qe3 Qc5 21.
Qxc5 Rxc5 22. Bf1 h6 23. Bg3 Na5 24. f4 Nc4 25. Bf2 Rc6 26. Re2 Nb6 27. g3 Bh5
28. g4 Bg6 29. Bd4 Rd8 30. Rf2 Rc5 31. f5 Bh7 32. fxe6 fxe6 33. Bxc5 1-0

[Event "Gibtelecom Masters 2005"]
[Site "Gibraltar ENG"]
[Date "2005.01.25"]
[Round "1.16"]
[White "Kekki, Petri"]
[Black "Postny, Evgeny"]
[Result "0-1"]
[WhiteElo "2362"]
[BlackElo "2557"]
[PlyCount "166"]
[EventDate "2005.01.26"]
[EventType "swiss"]
[EventRounds "10"]
[EventCountry "ENG"]
[Source "lmi"]
[SourceDate "2005.02.03"]

1. d4 Nf6 2. c4 e6 3. Nf3 c5 4. d5 exd5 5. cxd5 b5 6. Nc3 b4 7. Na4 d6 8. a3 a5
9. Bg5 Be7 10. e3 O-O 11. Bc4 Nbd7 12. h3 Nh5 13. Bxe7 Qxe7 14. O-O Nhf6 15.
Re1 Ne4 16. Qc2 Bb7 17. Rad1 f5 18. Nh2 Kh8 19. Nf1 Rad8 20. Qe2 Ndf6 21. f3
Ng5 22. Rd2 Nf7 23. Red1 Ne5 24. Ba2 Qc7 25. Rc1 Bc8 26. Ng3 Bd7 27. Qd1 Ng6
28. Bb1 f4 29. Bxg6 fxg3 30. Bb1 Rde8 31. e4 Nh5 32. axb4 axb4 33. b3 Bxa4 34.
bxa4 c4 35. Rd4 c3 36. Rxb4 Rb8 37. Rb5 Nf4 38. Kh1 Qc4 39. e5 Rxb5 40. axb5
dxe5 41. Qc2 g6 42. Ba2 Qd4 43. Qxc3 Qxc3 44. Rxc3 Ra8 45. Bb1 Ne2 46. Rd3 Ra1
47. Rd1 Nc3 48. Re1 Nxb5 49. Kg1 Kg7 50. Kf1 Kf6 51. Bd3 Rxe1+ 52. Kxe1 Nc7 53.
Be4 h6 54. h4 Ne8 55. Ke2 Ng7 56. d6 Ne6 57. Kf1 Nf4 58. d7 Ke7 59. Bc6 Ne6 60.
Ba4 Nd4 61. Ke1 Nf5 62. Kf1 Nxh4 63. Bb5 Nf5 64. Ba4 h5 65. Bb5 h4 66. Ba4 Ne3+
67. Kg1 Nd5 68. Bc2 g5 69. Bf5 Nf6 70. Kf1 Nxd7 71. Kg1 Nf6 72. Kf1 Nd5 73. Kg1
Ne3 74. Bc8 Kd6 75. Kh1 Kc5 76. Kg1 Kd4 77. Bd7 Kc3 78. Bc8 Kd2 79. Bd7 Ke1 80.
Bc8 Nc2 81. Bd7 Nd4 82. Bc8 Ne2+ 83. Kh1 Kf2 0-1

[Event "Gibtelecom Masters 2005"]
[Site "Gibraltar ENG"]
[Date "2005.01.25"]
[Round "1.18"]
[White "Thorfinnsson, Bjorn"]
[Black "Erenburg, Sergey"]
[Result "0-1"]
[WhiteElo "2356"]
[BlackElo "2551"]
[PlyCount "86"]
[EventDate "2005.01.26"]
[EventType "swiss"]
[EventRounds "10"]
[EventCountry "ENG"]
[Source "lmi"]
[SourceDate "2005.02.03"]

1. d4 d5 2. c4 c6 3. Nf3 Nf6 4. Nc3 e6 5. e3 Nbd7 6. Qc2 Bd6 7. g4 Bb4 8. Bd2
Qe7 9. g5 Bxc3 10. Bxc3 Ne4 11. Bd3 Nxc3 12. Qxc3 dxc4 13. Qxc4 e5 14. Nxe5
Nxe5 15. dxe5 Qxe5 16. Qe4 Qxe4 17. Bxe4 h6 18. h4 Be6 19. b3 a5 20. O-O-O a4
21. Kb2 Ke7 22. f4 Ra5 23. Bc2 a3+ 24. Kb1 Rc5 25. e4 Bg4 26. Rd3 hxg5 27. Rg3
Be2 28. fxg5 Rd8 29. b4 Rc4 30. Rxa3 Rd2 31. h5 Bxh5 32. Bd3 Bf3 33. Bxc4 Bxh1
34. Ra7 Bxe4+ 35. Ka1 Rd7 36. Kb2 Kd6 37. a4 Ke5 38. a5 Bf5 39. Bxf7 Rxf7 40.
a6 Bc8 41. Ra8 Be6 42. a7 b6 43. Kb1 Re7 0-1

[Event "Gibtelecom Masters 2005"]
[Site "Gibraltar ENG"]
[Date "2005.01.25"]
[Round "1.20"]
[White "Howell, David"]
[Black "Hebden, Mark"]
[Result "1/2-1/2"]
[WhiteElo "2348"]
[BlackElo "2521"]
[PlyCount "75"]
[EventDate "2005.01.26"]
[EventType "swiss"]
[EventRounds "10"]
[EventCountry "ENG"]
[Source "lmi"]
[SourceDate "2005.02.03"]

1. e4 e5 2. Nf3 Nc6 3. Bb5 a6 4. Bxc6 dxc6 5. O-O Bd6 6. d4 exd4 7. Qxd4 f6 8.
Be3 Ne7 9. Nbd2 Be6 10. Qc3 Ng6 11. Nd4 Qd7 12. Nxe6 Qxe6 13. Qb3 Qxb3 14. axb3
O-O-O 15. Rfd1 Rhe8 16. f3 h5 17. g3 Ne5 18. Kf2 g5 19. Nc4 g4 20. Nxe5 Rxe5
21. Bf4 Rb5 22. Bxd6 cxd6 23. Rd3 Kc7 24. Kg2 d5 25. fxg4 hxg4 26. Rf1 dxe4 27.
Rxd8 Kxd8 28. Rxf6 Rd5 29. Rf2 e3 30. Re2 Rd1 31. b4 Kc7 32. c3 c5 33. h4 gxh3+
34. Kxh3 cxb4 35. Rxe3 Rh1+ 36. Kg4 Rb1 37. cxb4 Rxb2 38. Re4 1/2-1/2

[Event "Gibtelecom Masters 2005"]
[Site "Gibraltar ENG"]
[Date "2005.01.25"]
[Round "1.21"]
[White "Wells, Peter K"]
[Black "Jasim, AR Saleh"]
[Result "1-0"]
[WhiteElo "2519"]
[BlackElo "2340"]
[PlyCount "51"]
[EventDate "2005.01.26"]
[EventType "swiss"]
[EventRounds "10"]
[EventCountry "ENG"]
[Source "lmi"]
[SourceDate "2005.02.03"]

1. d4 Nf6 2. c4 g6 3. Nc3 Bg7 4. e4 d6 5. Nf3 O-O 6. Be2 e5 7. O-O c6 8. d5 Na6
9. Be3 Ng4 10. Bg5 f6 11. Bh4 c5 12. a3 Qd7 13. Ne1 h5 14. h3 Nh6 15. Nd3 g5
16. Bg3 g4 17. f4 gxh3 18. f5 hxg2 19. Kxg2 Ng4 20. Bxg4 hxg4 21. Qxg4 Nc7 22.
Rh1 b5 23. Qg6 bxc4 24. Rh7 Re8 25. Rah1 Kf8 26. Rh8+ 1-0

[Event "Gibtelecom Masters 2005"]
[Site "Gibraltar ENG"]
[Date "2005.01.25"]
[Round "1.22"]
[White "Radovanovic, Jovica"]
[Black "Del Rio Angelis, Salvador G"]
[Result "1/2-1/2"]
[WhiteElo "2329"]
[BlackElo "2502"]
[PlyCount "66"]
[EventDate "2005.01.26"]
[EventType "swiss"]
[EventRounds "10"]
[EventCountry "ENG"]
[Source "lmi"]
[SourceDate "2005.02.03"]

1. e4 d6 2. d4 Nf6 3. Nc3 g6 4. Nf3 Bg7 5. Be2 O-O 6. O-O a6 7. a4 Nc6 8. h3 e5
9. dxe5 dxe5 10. Bc4 Be6 11. Bxe6 fxe6 12. Qxd8 Raxd8 13. Bg5 h6 14. Bxf6 Bxf6
15. Nb1 Nd4 16. Nbd2 Nxc2 17. Rac1 Nd4 18. Rxc7 Rf7 19. Rc4 Rfd7 20. Kh2 g5 21.
Re1 b5 22. axb5 axb5 23. Rcc1 Be7 24. g3 Bb4 25. Re3 Nxf3+ 26. Nxf3 Bd2 27.
Nxd2 Rxd2 28. Kg2 Rf8 29. Rf3 Rxb2 30. Rc5 Rxf3 31. Kxf3 Kf7 32. Rxe5 Ke7 33.
Kg4 Rxf2 1/2-1/2

[Event "Gibtelecom Masters 2005"]
[Site "Gibraltar ENG"]
[Date "2005.01.25"]
[Round "1.23"]
[White "Pert, Nicholas"]
[Black "Orr, Mark JL"]
[Result "1/2-1/2"]
[WhiteElo "2501"]
[BlackElo "2324"]
[PlyCount "146"]
[EventDate "2005.01.26"]
[EventType "swiss"]
[EventRounds "10"]
[EventCountry "ENG"]
[Source "lmi"]
[SourceDate "2005.02.03"]

1. d4 d5 2. c4 c6 3. Nf3 Nf6 4. Nc3 g6 5. cxd5 cxd5 6. Bf4 Bg7 7. e3 a6 8. Be2
O-O 9. Ne5 e6 10. O-O Nfd7 11. Nd3 b6 12. b4 Nc6 13. Qb3 Bb7 14. Rfd1 Qe7 15.
Rac1 Rfc8 16. Bg3 Bf8 17. a3 Qd8 18. h3 Nf6 19. Rc2 Ne8 20. Ne5 Nd6 21. Nxc6
Bxc6 22. Bxd6 Qxd6 23. Rdc1 Bb7 24. Bf1 h5 25. Na4 Qd8 26. Nb2 Rxc2 27. Rxc2
Rc8 28. Nd3 Bd6 29. f4 Rxc2 30. Qxc2 Qc7 31. Qxc7 Bxc7 32. g4 hxg4 33. hxg4 Bd6
34. Nb2 a5 35. b5 Kf8 36. Kf2 Ke7 37. Na4 Bc7 38. Bd3 Kd7 39. Kg3 Bd8 40. Nc3
Be7 41. a4 Bd6 42. Ne2 Ke8 43. Ng1 Be7 44. Nf3 Bf6 45. f5 gxf5 46. gxf5 Ke7 47.
Kf4 Bc8 48. Nh2 Bh4 49. Ng4 f6 50. fxe6 Bxe6 51. Nh2 Bg5+ 52. Kf3 Bf7 53. Ke2
Bh5+ 54. Kd2 Ke6 55. Be2 Bg6 56. Bg4+ f5 57. Bh3 Kf6 58. Nf3 f4 59. Nxg5 Kxg5
60. Bg2 fxe3+ 61. Kxe3 Bc2 62. Bxd5 Bxa4 63. Ke4 Bxb5 64. Ke5 a4 65. Kd6 Bd3
66. Kc6 b5 67. Kc5 Kf6 68. Kb4 Ke7 69. Kc5 Kd7 70. Ba2 Kc7 71. Bd5 Kb8 72. Ba2
Kb7 73. Be6 Kc7 1/2-1/2

[Event "Gibtelecom Masters 2005"]
[Site "Gibraltar ENG"]
[Date "2005.01.25"]
[Round "1.24"]
[White "Quillan, Gary"]
[Black "Williams, Simon"]
[Result "1-0"]
[WhiteElo "2322"]
[BlackElo "2487"]
[PlyCount "106"]
[EventDate "2005.01.26"]
[EventType "swiss"]
[EventRounds "10"]
[EventCountry "ENG"]
[Source "lmi"]
[SourceDate "2005.02.03"]

1. e4 c5 2. Nf3 d6 3. Bb5+ Nd7 4. d4 Ngf6 5. Nc3 cxd4 6. Qxd4 e5 7. Qd3 h6 8.
h3 Be7 9. g4 a6 10. Bxd7+ Bxd7 11. g5 hxg5 12. Bxg5 Qa5 13. O-O-O Rc8 14. Bxf6
Bxf6 15. Kb1 Be6 16. a3 Be7 17. Ne1 O-O 18. Qg3 b5 19. Rg1 g6 20. Nd5 Bxd5 21.
Rxd5 Qa4 22. Qe3 Kg7 23. c3 Rh8 24. Rg4 Rh5 25. Rd3 a5 26. Nc2 Bf8 27. Qe2 Kh7
28. f4 Qc4 29. f5 Bh6 30. fxg6+ fxg6 31. Rxg6 Rh4 32. Rgxd6 Rg8 33. Rd7+ Kh8
34. Rd8 Bf8 35. Qf3 Be7 36. Rxg8+ Kxg8 37. Qg3+ Kf8 38. Rf3+ Ke8 39. Qxe5 Rxe4
40. Qb8+ Bd8 41. Qd6 Be7 42. Qb8+ Bd8 43. Qd6 Be7 44. Qd3 Qa4 45. Re3 Rxe3 46.
Qxe3 Qc4 47. Nd4 b4 48. axb4 axb4 49. Qe2 Qc8 50. Qh5+ Kd8 51. Qh8+ Kd7 52.
Qxc8+ Kxc8 53. Nc6 bxc3 1-0

[Event "Gibtelecom Masters 2005"]
[Site "Gibraltar ENG"]
[Date "2005.01.25"]
[Round "1.25"]
[White "Ward, Christopher"]
[Black "Tolhuizen, Ludo"]
[Result "1-0"]
[WhiteElo "2485"]
[BlackElo "2288"]
[PlyCount "59"]
[EventDate "2005.01.26"]
[EventType "swiss"]
[EventRounds "10"]
[EventCountry "ENG"]
[Source "lmi"]
[SourceDate "2005.02.03"]

1. d4 d5 2. Nf3 Nc6 3. Bf4 Bg4 4. e3 e6 5. c4 Bb4+ 6. Nc3 Nf6 7. Rc1 Ne4 8. c5
e5 9. dxe5 O-O 10. Be2 Re8 11. O-O Bxc3 12. bxc3 Bxf3 13. gxf3 Nxc5 14. Bg3 Qe7
15. f4 Rad8 16. Qc2 g6 17. Rfd1 Ne4 18. Bf3 h5 19. c4 Nb4 20. Qb1 Nxg3 21. hxg3
dxc4 22. Rxc4 Rxd1+ 23. Qxd1 c6 24. Rd4 Nd5 25. Bxd5 cxd5 26. Rxd5 Rc8 27. Rd6
Qc7 28. Qd5 Qc1+ 29. Kg2 Qc4 30. Rxg6+ 1-0

[Event "Gibtelecom Masters 2005"]
[Site "Gibraltar ENG"]
[Date "2005.01.25"]
[Round "1.26"]
[White "Calzetta Ruiz, Monica"]
[Black "Cramling, Pia"]
[Result "0-1"]
[WhiteElo "2281"]
[BlackElo "2481"]
[PlyCount "100"]
[EventDate "2005.01.26"]
[EventType "swiss"]
[EventRounds "10"]
[EventCountry "ENG"]
[Source "lmi"]
[SourceDate "2005.02.03"]

1. e4 c5 2. Nf3 e6 3. d4 cxd4 4. Nxd4 a6 5. Bd3 Qb6 6. c3 d6 7. O-O Nf6 8. Be3
Qc7 9. c4 g6 10. Nc3 Bg7 11. Rc1 O-O 12. h3 Nbd7 13. Nf3 b6 14. b4 Bb7 15. Qb3
Rac8 16. Rfd1 Rfd8 17. a3 Qb8 18. Bb1 Bf8 19. Bg5 Re8 20. Rd4 h6 21. Be3 Qa8
22. Re1 Bc6 23. Red1 Red8 24. Re1 b5 25. cxb5 axb5 26. Rdd1 Qb7 27. Nd4 Ne5 28.
Nxc6 Qxc6 29. Bd4 Nfd7 30. f4 Nc4 31. Rd3 Ra8 32. a4 bxa4 33. Qa2 Bg7 34. Bxg7
Kxg7 35. Kh1 a3 36. Rg3 Nb2 37. Bc2 Qb6 38. Rf1 Qxb4 39. f5 Qc4 40. Qa1 Ne5 41.
Rf2 Qd4 42. Rf1 Qc4 43. Rf2 Rdc8 44. Nb1 Qb4 45. Nxa3 Nbc4 46. fxg6 Rxa3 47.
Rxf7+ Kg8 48. Rxa3 Qxa3 49. Qf1 Ne3 50. Qf6 Qa1+ 0-1

[Event "Gibtelecom Masters 2005"]
[Site "Gibraltar ENG"]
[Date "2005.01.25"]
[Round "1.27"]
[White "Gormally, Daniel"]
[Black "Weeramantry, Sunil"]
[Result "1-0"]
[WhiteElo "2472"]
[BlackElo "2258"]
[PlyCount "66"]
[EventDate "2005.01.26"]
[EventType "swiss"]
[EventRounds "10"]
[EventCountry "ENG"]
[Source "lmi"]
[SourceDate "2005.02.03"]

1. e4 d6 2. d4 g6 3. Nc3 Bg7 4. Be3 c6 5. Qd2 b5 6. Bd3 Nd7 7. Nf3 Nb6 8. h3
Nf6 9. Bh6 O-O 10. O-O Qc7 11. Bxg7 Kxg7 12. a4 b4 13. Ne2 c5 14. e5 Nfd5 15.
Ng3 h6 16. a5 Nd7 17. Be4 e6 18. Bxd5 exd5 19. Rfe1 dxe5 20. Nxe5 Nf6 21. dxc5
Qxc5 22. Nd3 Qc4 23. Ra4 Rb8 24. Rxb4 Rxb4 25. Nxb4 Be6 26. Ne2 Rb8 27. c3 Rb5
28. Nd4 Rxa5 29. Nbc6 Ra2 30. Nd8 Bd7 31. Qe3 Ng8 32. Qe5+ Kf8 33. Qd6+ Kg7 1-0

[Event "Gibtelecom Masters 2005"]
[Site "Gibraltar ENG"]
[Date "2005.01.25"]
[Round "1.28"]
[White "Jaime Montalvan, Luis Felipe"]
[Black "Cmilyte, Viktorija"]
[Result "1/2-1/2"]
[WhiteElo "2244"]
[BlackElo "2468"]
[PlyCount "84"]
[EventDate "2005.01.26"]
[EventType "swiss"]
[EventRounds "10"]
[EventCountry "ENG"]
[Source "lmi"]
[SourceDate "2005.02.03"]

1. d4 f5 2. g3 Nf6 3. c4 g6 4. Bg2 d6 5. Nf3 Bg7 6. O-O O-O 7. Nc3 c6 8. b3 Na6
9. Bb2 Qe8 10. Re1 e5 11. dxe5 dxe5 12. e4 f4 13. gxf4 Nh5 14. fxe5 Nf4 15. Ne2
Nxg2 16. Kxg2 Bg4 17. Neg1 Rd8 18. Qe2 Nc5 19. Rad1 Ne6 20. Qe3 Nf4+ 21. Kh1
Rxd1 22. Rxd1 Nh3 23. Rd2 Rxf3 24. Nxf3 Bh6 25. Qc3 Bxd2 26. Nxd2 Nxf2+ 27. Kg2
Nd1 28. Qg3 Qd8 29. Bc3 h5 30. Nf1 Nxc3 31. Qxc3 Qd1 32. Qe3 Qa1 33. Qg5 Bh3+
34. Kg3 Qe1+ 35. Kxh3 Qxf1+ 36. Kh4 Qe1+ 37. Kh3 Qxe4 38. Kg3 Qd3+ 39. Kf2 Qc2+
40. Kg3 Qd3+ 41. Kf2 Qd4+ 42. Kf3 Qd3+ 1/2-1/2